An Introduction to Arthropod Pest Control (Record no. 6837)

MARC details
000 -LEADER
fixed length control field 00601nam a22002177a 4500
003 - CONTROL NUMBER IDENTIFIER
control field OSt
005 - DATE AND TIME OF LATEST TRANSACTION
control field 20210322161036.0
008 - FIXED-LENGTH DATA ELEMENTS--GENERAL INFORMATION
fixed length control field 210322b ||||| |||| 00| 0 eng d
020 ## - INTERNATIONAL STANDARD BOOK NUMBER
International Standard Book Number 0521567874
040 ## - CATALOGING SOURCE
Transcribing agency DDC
082 ## - DEWEY DECIMAL CLASSIFICATION NUMBER
Classification number 632.7 THA 2002
100 ## - MAIN ENTRY--PERSONAL NAME
Personal name Thacker, J.R.M.
9 (RLIN) 14015
245 ## - TITLE STATEMENT
Title An Introduction to Arthropod Pest Control
260 ## - PUBLICATION, DISTRIBUTION, ETC. (IMPRINT)
Name of publisher, distributor, etc. Cambridge University Press, 2002
300 ## - PHYSICAL DESCRIPTION
Extent xiv,343p; col.ill: 22.5cm
504 ## - BIBLIOGRAPHY, ETC. NOTE
Bibliography, etc References, glossary, & index included
650 ## - SUBJECT ADDED ENTRY--TOPICAL TERM
Topical term or geographic name as entry element Arthropod
9 (RLIN) 14016
650 ## - SUBJECT ADDED ENTRY--TOPICAL TERM
Topical term or geographic name as entry element Pest control
9 (RLIN) 7098
650 ## - SUBJECT ADDED ENTRY--TOPICAL TERM
Topical term or geographic name as entry element Agriculture
9 (RLIN) 4591
942 ## - ADDED ENTRY ELEMENTS (KOHA)
Source of classification or shelving scheme Other/Generic Classification Scheme
Koha item type Open Shelf
Holdings
Withdrawn status Lost status Source of classification or shelving scheme Damaged status Not for loan Home library Current library Date acquired Source of acquisition Inventory number Total Checkouts Full call number Barcode Date last seen Koha item type
    Dewey Decimal Classification     MUST Main Library MUST Main Library 22/03/2021 Donation 03/20404   632.7 THA 2002 2021-0305 22/03/2021 Open Shelf
    Dewey Decimal Classification     MUST Main Library MUST Main Library 22/03/2021 Donation 03/20405   632.7 THA 2002 2021-0306 22/03/2021 Open Shelf